TELEVISION KI KAHANI (Record no. 5311)

MARC details
000 -LEADER
fixed length control field 00384nam a22001577a 4500
005 - DATE AND TIME OF LATEST TRANSACTION
control field 20161022171259.0
008 - FIXED-LENGTH DATA ELEMENTS--GENERAL INFORMATION
fixed length control field 161022b xxu||||| |||| 00| 0 eng d
020 ## - INTERNATIONAL STANDARD BOOK NUMBER
ISBN 978-81-267-1459-9
041 ## - LANGUAGE CODE
Language code of text/sound track or separate title eng
100 ## - MAIN ENTRY--AUTHOR NAME
Personal name KASHYAP,DR SYAM KUMAR,MUKESH
245 ## - TITLE STATEMENT
Title TELEVISION KI KAHANI
260 ## - PUBLICATION, DISTRIBUTION, ETC. (IMPRINT)
Name of publisher RAJ KAMAL
300 ## - PHYSICAL DESCRIPTION
Number of Pages 267
650 ## - SUBJECT ADDED ENTRY--TOPICAL TERM
Topical Term MASS COM JOURNALISM
942 ## - ADDED ENTRY ELEMENTS (KOHA)
Koha item type Books
Holdings
Lost status Damaged status Collection code Home library Current library Shelving location Date acquired Source of acquisition Cost, normal purchase price Accession Number Koha item type
    LIFE SKILL JRU Library JRU Library SHELF-102-E 22/10/2016 Purchase 850.00 21401 Books
      JRU Library   SHELF-32-F 22/10/2016 Purchase 850.00 21402 Books
      JRU Library   SHELF-32-H 22/10/2016 Purchase 850.00 21403 Books